000 00380 a2200169 4500
001 187910
020 _a85-332-0652-6
040 _cMagnum
100 _aKeneally, Thomas
240 1 0 _aA lista de Schindler
_lpor
245 1 0 _aA lista de Schindler
300 _a380
362 0 _a1998
440 1 _aCĂ­rculo do Livro
697 _aLITERATURA GERAL ESTRANGEIRA
942 _cBK
999 _c187910
_d187910